Statistics for Who Did that Motown Song

Click here to take the quiz!

General Stats

  • This quiz has been taken 7,201 times
    (4,558 since last reset)
  • The average score is 9 of 14

Answer Stats

Song Musical Act % Correct
BenMichael Jackson
96%
SuperstitionStevie Wonder
91%
ABCThe Jackson Five
90%
Let's Get It OnMarvin Gaye
82%
Stop! In the Name of LoveThe Supremes
78%
Endless LoveDiana RossĀ andĀ Lionel Richie
74%
My GirlThe Temptations
71%
Super FreakRick James
60%
The Tears of a ClownSmokey Robinson & the Miracles
55%
Three Times a LadyThe Commodores
47%
I Can't Help Myself
(Sugar Pie Honey Bunch)
The Four Tops
45%
MotownphillyBoys II Men
29%
Please Mr. PostmanThe Marvelettes
19%
U.N.I.T.Y.Queen Latifah
15%

Score Distribution

Percentile by Number Answered

Percent of People with Each Score

Your Score History

You have not taken this quiz since the last reset